| 000 | 01061nam0a2200325 4500 | ||
|---|---|---|---|
| 001 | RU\NLR\bibl\1713561 | ||
| 005 | 20260412063549.0 | ||
| 010 |
_a978-5-389-01327-8 _95000 |
||
| 021 |
_aRU _b2010-88784 _95959 |
||
| 035 | _a(NLR Aleph) 001704577 | ||
| 090 |
_a1241722 _c1241722 |
||
| 100 | _a20101214d2011 |||y0rusy50 ca | ||
| 101 | 0 | _arus | |
| 102 | _aRU | ||
| 105 | _ay ||||||||| | ||
| 200 | 1 |
_a"А я говорю, вероятно, за многих ..." _fАнна Ахматова |
|
| 210 |
_aСанкт-Петербург _cАзбука _d2011 |
||
| 215 |
_a157, [2] c. _d18 |
||
| 225 | 1 | _aАзбука-классика | |
| 320 | _aБиблиогр. в примеч.: с. 126-150 | ||
| 320 | _aАлф. указ.: с. 151-154 | ||
| 686 | _aШ6(2=Р)7-5 | ||
| 700 | 1 |
_4070 _8rus _7ca _aАхматова _bА. А. _f1889-1966 _gАнна Андреевна _3RU\NLR\auth\77506 _9110555 |
|
| 801 | 0 |
_aRU _bNLR _c20101214 _gRCR |
|
| 801 | 1 |
_aRU _bNLR _c20101214 |
|
| 942 | _cBOOK | ||
| 980 | _aNB | ||
| 980 | _aNBR | ||